Score 0/16 Timer 02:00
0 Plays Today
Clue 4-Letter Word % Correct
Paisley or Pitt, e.g.BRAD
91.3%
Top of mountainPEAK
87.9%
Not having a lot of fatLEAN
85.2%
Aim for the head?BEAN
85%
Small round object in jewelryBEAD
82.5%
Women's undergarmentsBRAS
79.3%
A mossy bog materialPEAT
76.1%
An impish childBRAT
75.1%
Clue 4-Letter Word % Correct
Tehran's countryIRAN
72.6%
Partly ground husk of wheatBRAN
72.3%
Come out as the victorBEAT
71%
Tropical hardwood treeTEAK
69.5%
Shakespearean kingLEAR
63.9%
Baghdad's countryIRAQ
63.7%
Rip to shredsTEAR
63.7%
Glass of NPR and Levin of literatureIRAS
56.8%

Today's Daily Dose

Remove Ads.
Support Sporcle.
Get the best of Sporcle when you Go Orange. This ad-free experience offers more features, more stats, and more fun while also helping to support Sporcle. Thank you for becoming a member.

You're not logged in!

Compare scores with friends on all Sporcle quizzes.
OR
Log In

Show Comments

Extras

Top Quizzes Today


Score Distribution

Your Account Isn't Verified!

In order to create a playlist on Sporcle, you need to verify the email address you used during registration. Go to your Sporcle Settings to finish the process.

Report this User

Report this user for behavior that violates our Community Guidelines.

Details: